Catálogo

Diario de un aldeano desafortunado / (Registro nro. 67971)

Detalles MARC
000 -LEADER
fixed length control field 01279cam a2200349 i 4500
001 - CONTROL NUMBER
control field 67971
003 - CONTROL NUMBER IDENTIFIER
control field Mx-PuUPA
005 - DATE AND TIME OF LATEST TRANSACTION
control field 20240410104251.0
008 - FIXED-LENGTH DATA ELEMENTS--GENERAL INFORMATION
fixed length control field 190322s2016 mx a||||r|||| 00| 0 spa d
020 ## - INTERNATIONAL STANDARD BOOK NUMBER
International Standard Book Number 9786070736773
040 ## - CATALOGING SOURCE
Original cataloging agency Mx-PuUPA
Language of cataloging spa
Transcribing agency Mx-PuUPA
Modifying agency Mx-PuUPA
Description conventions rda
041 1# - LANGUAGE CODE
Language code of text/sound track or separate title spa
Language code of original eng
100 1# - MAIN ENTRY--PERSONAL NAME
Personal name Kid, Cube
9 (RLIN) 8305
Relator term autor
240 10 - UNIFORM TITLE
Uniform title Diary of a wimpy villager.
Language of a work Español
245 10 - TITLE STATEMENT
Title Diario de un aldeano desafortunado /
Statement of responsibility, etc. Cube Kid ; Concha Fernández y David Heredia, de la traducción
250 ## - EDITION STATEMENT
Edition statement Primera edición
264 #4 - PRODUCTION, PUBLICATION, DISTRIBUTION, MANUFACTURE, AND COPYRIGHT NOTICE
Place of production, publication, distribution, manufacture Ciudad de México :
Name of producer, publisher, distributor, manufacturer Editorial Temas de Hoy,
Date of production, publication, distribution, manufacture, or copyright notice 2016
300 ## - PHYSICAL DESCRIPTION
Extent 304 páginas :
Other physical details ilustraciones ;
Dimensions 21 cm.
336 ## - CONTENT TYPE
Fuente rdacontent
Content type term texto
Content type code txt
337 ## - MEDIA TYPE
Source rdamedia
Media type term sin medio
Media type code n
338 ## - CARRIER TYPE
Source rdacarrier
Carrier type term volumen
Carrier type code nc
650 #4 - SUBJECT ADDED ENTRY--TOPICAL TERM
Topical term or geographic name entry element Juegos de computadora
General subdivision Cuentos infantiles
650 #4 - SUBJECT ADDED ENTRY--TOPICAL TERM
Topical term or geographic name entry element Minecraft (Juego)
General subdivision Cuentos infantiles
650 #4 - SUBJECT ADDED ENTRY--TOPICAL TERM
Topical term or geographic name entry element Juegos de computadora
700 1# - ADDED ENTRY--PERSONAL NAME
Personal name Fernández, Concha,
Relator term traductor
700 1# - ADDED ENTRY--PERSONAL NAME
Personal name Heredia, David,
Relator term traductor
765 18 - ORIGINAL LANGUAGE ENTRY
Main entry heading Kid, Cube
Title Diary of a wimpy villager
942 ## - ADDED ENTRY ELEMENTS (KOHA)
Source of classification or shelving scheme Dewey Decimal Classification
Koha item type Libro
Classification part 794.8
Item part K46
Existencias
Withdrawn status Lost status Source of classification or shelving scheme Damaged status Not for loan Collection code Home library Current library Shelving location Date acquired Source of acquisition Cost, normal purchase price Total Checkouts Total Renewals Full call number Barcode Date last seen Date last checked out Cost, replacement price Price effective from Koha item type
    Dewey Decimal Classification     Infantil Biblioteca Karol Wojtyla Biblioteca Karol Wojtyla Área de silencio 24/08/2021 10 298.00 2 1 794.8 K46 2016 99561 03/06/2026 19/05/2025 298.00 24/08/2021 Libro infantil